Українська афористика (Запис № 417792)

МАРК-запис
000 -Лідер
fixed length control field 02020nam a22003377a 4500
001 - Контрольний номер
control field 129900
003 - Ідентифікатор контрольного номера
control field UA-OsUOA
005 - Дата та час останнього входження (трансакції)
control field 20260512112752.0
007 - Фіксоване поле фізичного опису
fixed length control field ta
008 - Елементи даних фіксованої довжини – загальна інформація
fixed length control field 20180330b un ||un a|||| 00| 0 ukr dukr d
020 ## - Міжнародний стандартний книжковий номер (ISBN)
Міжнародний стандартний книжковий номер (ISBN) (НП) 9667551393
040 ## - Джерело каталогізації
Агенція оригінальної каталогізації UA-OsUOA
Мова каталогізації ukr
Агенція, яка здійснювала перезапис UA-OsUOA
Агенція, яка здійснювала модифікацію UA-OsUOA
041 ## - Код мови
Код мови тексту/ звукової доріжки чи окремого заголовка (П) ukr
080 ## - Індекс Універсальної десяткової класифікації
Індекс Універсальної десяткової класифікації (УДК) (НП) 82-84(477)
090 ## - Локальний шифр розміщення
Класифікаційний індекс УДК 82-84(477)
Авторський знак (НП) У45
245 ## - Відомості про назву
Назва (НП) Українська афористика
Дані про відповідальність (НП) під заг. ред. Івана Драча, Володимира Черняка ; гол. ред. Роман Коваль ; упоряд.: Роман Коваль, Валерій Шевчук, Микола Михальченко
260 ## - Публікація, розповсюдження і т.п. (Вихідні дані)
Місце публікації, розповсюдження і т.п. (П) Київ
Ім’я/ наймення видавництва, розповсюджувача і т.п. (П) Просвіта
Дата публікації, розповсюдження і т.п. (П) 2001
300 ## - Фізичний опис
Обсяг 320 с.
490 ## - Область серії
Назва серії Класика Світової Афористики
Позначення і номер тому / порядкове позначення Т. 1
505 ## - Форматована примітка про зміст
Змішана інформація Том 1
520 ## - Резюме і т.п.
Резюме, реферат, анотація, тощо (НП) "Українська афористика" є найповнішим виданням вітчизняних офоризмів з найдавніших часів до наших днів. У збірці представлено понад 3500 афоризмів 100 авторів. Багатюща афористика проходить через всі періоди української історії: від Київської Русі через козацьку добу до держави Україна, яка постала наприкінці ХХ століття.<br/>Книга може стати посібником для українського вчителя, студента і школяра.
650 #7 - Додаткове предметне введення – тематичний термін
Тематичний термін чи географічна назва, як елемент введення (НП) 82 Література. Літературознавство
Джерело заголовка чи терміна UDC
9 (RLIN) 15
700 1# - Додаткове введення – ім'я особи
Ім’я особи (НП) Драча І.
Термін відношення ред.
9 (RLIN) 25213
700 1# - Додаткове введення – ім'я особи
Ім’я особи (НП) Черняк В.
Термін відношення ред.
9 (RLIN) 25214
700 1# - Додаткове введення – ім'я особи
Ім’я особи (НП) Коваль Р.
Термін відношення гол. ред., упор.
9 (RLIN) 25215
700 1# - Додаткове введення – ім'я особи
Ім’я особи (НП) Шевчук В.
Термін відношення упор.
9 (RLIN) 2329
700 1# - Додаткове введення – ім'я особи
Ім’я особи (НП) Михальченко М.
9 (RLIN) 25216
Термін відношення упор.
942 ## - Додаткові елементи входу (Коха)
Тип елемента Koha Книги
Source of classification or shelving scheme Universal Decimal Classification
955 ## - Код типу видання за змістом
Код типу видання за змістом (НП) Літературно-художні видання
Фонди
Стан вилучень Стан втрат Джерело класифікації або схеми стелажів Стан уражень Не для кредиту Постійне місце розташування Поточне розміщення Дата придбання Джерело придбання Вартість, звичайна ціна покупки Інвентарний номер Усього замовленно Повний номер виклику Штрих-код Дата останнього перегляду Ціна ефективна від Тип елемента Koha Код колекції Вартість, ціна заміни
    Universal Decimal Classification     АБ - Абонемент НБ АБ - Абонемент НБ 30/03/2018 14/2018 25.00 158489   82-84 У45 158489 10/02/2022 30/03/2018 Книги    
    Universal Decimal Classification     АБ - Абонемент НБ АБ - Абонемент НБ 12/05/2026 Акт №24/28.04.2026 25.00 169922   82-84(477) У45 169922 12/05/2026 12/05/2026 Книги Колекція Шевчука Валерія 25.00